El notario de el Havre / (Record no. 176307)

MARC details
000 -LEADER
campo de control de longitud fija 00790nam a22002175i 4500
001 - NÚMERO DE CONTROL
campo de control 176307
003 - IDENTIFICADOR DE NÚMERO DE CONTROL
campo de control ES-MaACL
005 - FECHA Y HORA DE LA ÚLTIMA TRANSACCIÓN
campo de control 20250916063058.0
008 - DATOS DE LONGITUD FIJA--INFORMACIÓN GENERAL
campo de control de longitud fija 110107s1972 sp |||| | spa d
080 ## - NÚMERO DE LA CLASIFICACIÓN DECIMAL UNIVERSAL
Número de la Clasificación Decimal Universal 821.133.1-311.2"19"
100 1# - ENTRADA PRINCIPAL--NOMBRE DE PERSONA
Nombre de persona Duhamel, Georges,
Fechas asociadas al nombre 1884-1966
9 (RLIN) 45938
245 13 - MENCIÓN DEL TÍTULO
Título El notario de el Havre /
Mención de responsabilidad, etc. Georges Duhamel ; estudio, notas y comentarios de texto por T. Otero Sande.
260 ## - PUBLICACIÓN, DISTRIBUCIÓN, ETC.
Lugar de publicación, distribución, etc. Madrid :
Nombre del editor, distribuidor, etc. Narcea,
Fecha de publicación, distribución, etc. D. L. 1972.
300 ## - DESCRIPCIÓN FÍSICA
Extensión 264 p. ;
Dimensiones 18 cm.
490 1# - MENCIÓN DE SERIE
Mención de serie Bitácora. Biblioteca del estudiante ;
Designación de volumen o secuencia 22
594 ## - Nota al título y mención de responsabilidad
Nota al título y mención de responsabilidad Tít. original: Le notaire du Havre.
700 0# - ENTRADA AGREGADA--NOMBRE PERSONAL
Nombre de persona Otero Sande, María Teresa.
9 (RLIN) 144618
830 0# - PUNTO DE ACCESO ADICIONAL DE SERIE-TÍTULO UNIFORME
Título uniforme Bitácora. Biblioteca del estudiante ;
Designación de volumen o secuencia 22
9 (RLIN) 181903
852 ## - LOCALIZACIÓN
Ubicación ES-MaACL
Número de control de estantería E-13954
Encuadernación Olim P-1892
Holdings
Estatus retirado Estado de pérdida Estado de daño No para préstamo Biblioteca de origen Biblioteca actual Ubicación en estantería Fecha de adquisición Fuente de adquisición Total de préstamos Signatura topográfica completa Código de barras Visto por última vez Precio de reemplazo Tipo de ítem Koha
        Biblioteca del Ateneo de Madrid Biblioteca del Ateneo de Madrid Depósito 2 07/01/2011     E-13954 1185162 23/02/2023 23/02/2023 Libro impreso